[Event "13sen.WMH 2003 Senioren"]
[Site "Bad Zwischenahn(17.11.-29.11.2003)"]
[Date "2003.11.29"]
[Round "7"]
[White "Simon, Eberhard[30Berlin]"]
[Black "Wagner, Carl[40USA]"]
[Result "0-1"]
[WhiteElo "1773"]
[BlackElo "2099"]
[PlyCount "63"]


1. e4 c5 2. Nc3 d6 3. f4 g6 4. Nf3 Bg7 5. Bc4 Nc6 6. O-O e6 7. f5 exf5 8. d3
Nge7 9. Qe1 h6 10. Kh1 Ne5 11. Nxe5 dxe5 12. Qf2 Be6 13. Bb5+ Bd7 14. Qxc5 O-O
15. Bxd7 Qxd7 16. Qf2 b6 17. Bd2 Rac8 18. Rac1 Kh7 19. Qh4 Rc6 20. Rf3 f4 21.
Rh3 g5 22. Qxg5 Qxh3 23. Qxe7 Qg4 24. h3 Qh5 25. Qd7 Re6 26. Rf1 Bf6 27. Rf3
Rg8 28. Nd5 Qg6 29. Nxf6+ Qxf6 30. Qc7 Rg7 31. Be1 Rc6 32. Bh4 0-1

[Event "13sen.WMH 2003 Senioren"]
[Site "Bad Zwischenahn(17.11.-29.11.2003)"]
[Date "2003.11.29"]
[Round "7"]
[White "Spindler, Egbert"]
[Black "Nopp, Josef"]
[Result "1/2-1/2"]
[WhiteElo "1771"]
[BlackElo "1638"]
[PlyCount "56"]


1. d4 d6 2. Nf3 Nf6 3. Bg5 Nbd7 4. e3 e5 5. dxe5 dxe5 6. Nbd2 Be7 7. Be2 O-O 8.
O-O h6 9. Bh4 Nh7 10. Bg3 Bf6 11. c3 Re8 12. Ne4 Ng5 13. Nfxg5 Bxg5 14. Qb3 g6
15. Rad1 Qe7 16. Bc4 Rf8 17. Rd5 Kg7 18. Rfd1 Bf6 19. Nxf6 Kxf6 20. Qc2 c6 21.
Rd6+ Kg7 22. Qe2 Nf6 23. R6d2 Ne4 24. Rc2 Bf5 25. Bd3 Nxg3 26. hxg3 e4 27. Bc4
h5 28. Qe1 Rad8 1/2-1/2

[Event "13sen.WMH 2003 Senioren"]
[Site "Bad Zwischenahn(17.11.-29.11.2003)"]
[Date "2003.11.29"]
[Round "7"]
[White "Suchsland, Helmut,Dr."]
[Black "Spurga, Josef"]
[Result "1-0"]
[WhiteElo "1724"]
[BlackElo "1854"]
[PlyCount "85"]


1. e4 c5 2. b4 b6 3. Bc4 e6 4. bxc5 bxc5 5. Bb2 Nc6 6. Nc3 Nf6 7. Nf3 d6 8. d4
cxd4 9. Nxd4 Bd7 10. Ndb5 Ne5 11. Be2 Qb6 12. Ba3 Bxb5 13. Bxb5+ Ned7 14. Rb1
Qc7 15. Qf3 Rb8 16. O-O Be7 17. Rfd1 O-O 18. Qg3 Ne5 19. h3 Rfd8 20. f4 Nc4 21.
Bxc4 Rxb1 22. Rxb1 Qxc4 23. Rb7 Bf8 24. e5 Ne8 25. Qf3 Rc8 26. Ne4 Qa6 27. f5
exf5 28. Ng5 h6 29. Nxf7 Rc7 30. Rxc7 Nxc7 31. Nxd6 Ne8 32. Qd5+ Kh7 33. Bc5
Nc7 34. Qf7 Qa5 35. Qxf5+ Kg8 36. Qf7+ Kh7 37. Bd4 Qd2 38. c3 Qe1+ 39. Kh2 Bxd6
40. exd6 Ne6 41. d7 Nxd4 42. cxd4 Qa5 43. Qf4 1-0

[Event "13sen.WMH 2003 Senioren"]
[Site "Bad Zwischenahn(17.11.-29.11.2003)"]
[Date "2003.11.29"]
[Round "7"]
[White "Szczepaniec, Stanislaw"]
[Black "Stuerzenbaum, Arthur"]
[Result "0-1"]
[WhiteElo "2206"]
[BlackElo "2186"]
[PlyCount "60"]


1. c4 g6 2. e4 Bg7 3. d4 d6 4. Nc3 Nf6 5. Be2 O-O 6. Bg5 Na6 7. Qd2 e5 8. d5 c6
9. dxc6 bxc6 10. Rd1 Qa5 11. Bxf6 Bxf6 12. Qxd6 Be6 13. Qxc6 Rab8 14. Qa4 Qb6
15. Qb5 Be7 16. Qxb6 Rxb6 17. Nd5 Bxd5 18. cxd5 Nc5 19. f3 Rxb2 20. d6 Bd8 21.
Bc4 Rxg2 22. Rd5 Bh4+ 23. Kd1 Na4 24. Rd2 Nb2+ 25. Rxb2 Rxb2 26. f4 Bf6 27. Kc1
Rg2 28. d7 exf4 29. Nf3 Rf2 30. e5 Rxf3 0-1

[Event "13sen.WMH 2003 Senioren"]
[Site "Bad Zwischenahn(17.11.-29.11.2003)"]
[Date "2003.11.29"]
[Round "7"]
[White "Tchetchelnitski, Boris"]
[Black "Wallhof, Dieter"]
[Result "1-0"]
[WhiteElo "2139"]
[BlackElo "1986"]
[PlyCount "89"]


1. Nf3 d6 2. d4 Bg4 3. g3 Bxf3 4. exf3 c6 5. c4 g6 6. Be3 Bg7 7. Qd2 Nd7 8. Nc3
a6 9. h4 h5 10. Ne4 Ngf6 11. Ng5 d5 12. b3 a5 13. Bd3 e5 14. O-O O-O 15. Rad1
Re8 16. Qc2 exd4 17. Bxd4 Ne5 18. Be2 Qc8 19. Rfe1 dxc4 20. bxc4 c5 21. Bxe5
Rxe5 22. f4 Re7 23. Bf3 Qe8 24. Rxe7 Qxe7 25. f5 gxf5 26. Qxf5 Re8 27. Kg2 b6
28. Nh3 Rd8 29. Rb1 Rd6 30. Nf4 Nd7 31. Nxh5 Bd4 32. Nf4 Qe5 33. Qg4+ Kf8 34.
Bd5 Nf6 35. Qf3 Qf5 36. Re1 Ng4 37. Nh3 Qd7 38. Ng5 Nh6 39. Qf4 Kg7 40. Qe4 Rg6
41. Re2 Ng8 42. Bxf7 Rxg5 43. Be6 Nf6 44. hxg5 Nxe4 45. Bxd7 1-0

[Event "13sen.WMH 2003 Senioren"]
[Site "Bad Zwischenahn(17.11.-29.11.2003)"]
[Date "2003.11.29"]
[Round "7"]
[White "Thonig, Manfred"]
[Black "Groener, Marga"]
[Result "1-0"]
[WhiteElo "1538"]
[BlackElo "1283"]
[PlyCount "71"]


1. e4 e6 2. Nf3 d5 3. e5 c5 4. d4 Nc6 5. c3 Bd7 6. b3 Qb6 7. Be3 cxd4 8. Nxd4
Bc5 9. f4 Nxd4 10. Bxd4 Ne7 11. Bxc5 Qxc5 12. Qd2 O-O 13. b4 Qc7 14. Bd3 Qb6
15. a4 a5 16. b5 Rac8 17. Ra3 Rc7 18. Rb3 Rfc8 19. Rf1 Rc5 20. Rf3 Qd8 21. Rh3
h6 22. g4 Kf8 23. g5 hxg5 24. Rh8+ Ng8 25. Bh7 Ke7 26. Rxg8 Qc7 27. Rxc8 Qxc8
28. fxg5 g6 29. Qf4 Qf8 30. Rb2 Rc4 31. Qf6+ Ke8 32. Rf2 Rh4 33. Bxg6 Rh8 34.
Bxf7+ Qxf7 35. Qxf7+ Kd8 36. Qf6+ 1-0

[Event "13sen.WMH 2003 Senioren"]
[Site "Bad Zwischenahn(17.11.-29.11.2003)"]
[Date "2003.11.29"]
[Round "7"]
[White "Viner, Phillip"]
[Black "Krawinkel, Hans-Werner"]
[Result "1-0"]
[WhiteElo "2127"]
[BlackElo "1756"]
[PlyCount "99"]


1. Nf3 d5 2. b3 Nf6 3. Bb2 Nbd7 4. e3 e6 5. c4 c6 6. Be2 Be7 7. O-O O-O 8. d3
Qc7 9. Nc3 e5 10. cxd5 Nxd5 11. Nxd5 cxd5 12. Rc1 Qd6 13. Qc2 Qe6 14. h3 f5 15.
d4 e4 16. Ne5 Nxe5 17. dxe5 Bd7 18. Qd2 Bc6 19. Rfd1 Qg6 20. a4 a6 21. Ra1 Rad8
22. Bd4 Rfe8 23. Rdc1 Rc8 24. f4 Bh4 25. b4 b5 26. axb5 Bxb5 27. Bxb5 axb5 28.
Rxc8 Rxc8 29. Ra7 Qe6 30. Bc5 h6 31. Kh2 Bd8 32. Qa2 Qc6 33. Ra6 Qb7 34. Rd6
Ra8 35. Qxd5+ Qxd5 36. Rxd5 Bc7 37. Rd7 Rc8 38. g3 h5 39. h4 g6 40. e6 Bb8 41.
e7 Re8 42. Rb7 Kf7 43. Rxb5 Rc8 44. Rb7 Ke8 45. Kg2 Bc7 46. Kf2 Kd7 47. Bb6 Ra8
48. Rxc7+ Ke8 49. Bc5 Ra2+ 50. Kg1 1-0

[Event "13sen.WMH 2003 Senioren"]
[Site "Bad Zwischenahn(17.11.-29.11.2003)"]
[Date "2003.11.29"]
[Round "7"]
[White "Voelkel, Gustav"]
[Black "Wanner, Georges"]
[Result "0-1"]
[WhiteElo "1572"]
[BlackElo "1680"]
[PlyCount "80"]


1. d4 Nf6 2. Nf3 g6 3. e3 Bg7 4. Nbd2 d6 5. Be2 O-O 6. O-O Nc6 7. c3 Bd7 8. b4
a6 9. Qb3 e6 10. a4 Ne7 11. Bb2 Rb8 12. c4 b6 13. b5 a5 14. Rac1 c5 15. dxc5
dxc5 16. Rfd1 Nf5 17. Ne5 Rb7 18. Bf3 Rc7 19. Nc6 Bxc6 20. Bxc6 Rxc6 21. bxc6
Qc7 22. Bxf6 Bxf6 23. Ne4 Be5 24. Ng3 Qxc6 25. Nxf5 gxf5 26. Rb1 Bc7 27. Qc2
Kh8 28. g3 Rg8 29. Rd2 f4 30. Rbd1 fxg3 31. Qc3+ e5 32. hxg3 Qf3 33. Kh2 f6 34.
Qb2 Rg5 35. Rd8+ Bxd8 36. Rxd8+ Kg7 37. Rd7+ Kh6 38. Kg1 Rh5 39. Rxh7+ Kxh7 40.
Qc2+ Kg7 0-1

[Event "13sen.WMH 2003 Senioren"]
[Site "Bad Zwischenahn(17.11.-29.11.2003)"]
[Date "2003.11.29"]
[Round "7"]
[White "Vucenovic, Dragomir"]
[Black "Hoeschele, Hans-Ulrich"]
[Result "0-1"]
[WhiteElo "2204"]
[BlackElo "2080"]
[PlyCount "102"]


1. d4 Nf6 2. g3 d5 3. Bg2 c6 4. Nf3 e6 5. O-O Be7 6. c4 O-O 7. Nbd2 b6 8. b3
Bb7 9. Bb2 Nbd7 10. a3 Rc8 11. Re1 c5 12. cxd5 exd5 13. e3 Ne4 14. Ne5 Nxe5 15.
dxe5 Nxd2 16. Qxd2 Qd7 17. Rad1 Rcd8 18. Qe2 Qe6 19. Qh5 Bc8 20. Qf3 Qg6 21.
Rxd5 Qc2 22. Qe2 Qxb3 23. Red1 Be6 24. e4 c4 25. f4 c3 26. Rxd8 Bxd8 27. Bc1 b5
28. f5 Bb6+ 29. Kh1 Bc4 30. Qf3 c2 31. Qxb3 Bxb3 32. Rd7 Rd8 33. Rxd8+ Bxd8 34.
Bf1 a6 35. Bd3 Bc7 36. Kg2 Bxe5 37. Kf3 f6 38. Ke2 Bc3 39. g4 Kf7 40. h4 h6 41.
Kf3 Ke8 42. g5 hxg5 43. hxg5 fxg5 44. Kg4 Bf6 45. e5 Bxe5 46. Kxg5 Kd7 47. Kg4
Kc6 48. Kf3 Kb6 49. Ke4 Bf6 50. Be2 Ka5 51. Kd3 Bc4+ 0-1

[Event "13sen.WMH 2003 Senioren"]
[Site "Bad Zwischenahn(17.11.-29.11.2003)"]
[Date "2003.11.29"]
[Round "7"]
[White "Waisberg, Arnold"]
[Black "Schober, Manfred"]
[Result "0-1"]
[WhiteElo "2014"]
[BlackElo "1837"]
[PlyCount "88"]


1. e4 e5 2. Bc4 Nf6 3. d3 Nc6 4. Nc3 Bc5 5. a3 a6 6. b4 Bd4 7. Nge2 b5 8. Bb3
Bb6 9. O-O O-O 10. Bg5 h6 11. Bxf6 Qxf6 12. Nd5 Qg6 13. Nxb6 cxb6 14. c3 d6 15.
Bd5 Bd7 16. Ng3 Rac8 17. Rc1 Ne7 18. Bb3 Rc7 19. f4 Be6 20. f5 Bxb3 21. Qxb3
Qg5 22. Rfd1 h5 23. Nf1 Rfc8 24. Rc2 d5 25. exd5 Nxf5 26. Rcc1 Nd4 27. Qb2 Rxc3
28. Rxc3 Rxc3 29. Qf2 Rc2 30. Nd2 Rxd2 31. Rxd2 Nf3+ 32. Qxf3 Qxd2 33. h3 Qc1+
34. Kf2 Qxa3 35. Qxh5 Qb2+ 36. Qe2 Qd4+ 37. Qe3 Kf8 38. Qxd4 exd4 39. Kf3 Ke7
40. Ke4 Kd6 41. Kxd4 a5 42. h4 f5 43. h5 a4 44. g3 a3 0-1

[Event "13sen.WMH 2003 Senioren"]
[Site "Bad Zwischenahn(17.11.-29.11.2003)"]
[Date "2003.11.29"]
[Round "7"]
[White "Weber, Gerhard,Dr.[34Levk]"]
[Black "Lundberg, Gunnar"]
[Result "0-1"]
[WhiteElo "1879"]
[BlackElo "1874"]
[PlyCount "64"]


1. e4 e5 2. Nf3 Nc6 3. Bc4 Nf6 4. d4 exd4 5. O-O Nxe4 6. Re1 d5 7. Bxd5 Qxd5 8.
Nc3 Qh5 9. Nxe4 Be6 10. Bg5 Bd6 11. Nxd6+ cxd6 12. Bf4 Qd5 13. Ng5 O-O 14. Nxe6
fxe6 15. Bg3 Rac8 16. Re2 e5 17. c3 Qf7 18. f3 Rfd8 19. Rd2 dxc3 20. bxc3 d5
21. Re2 d4 22. cxd4 exd4 23. Rd2 Qd5 24. Rb1 b6 25. Rb3 Na5 26. Rbd3 Rc4 27.
Re2 Rdc8 28. Re5 Qd7 29. Qe2 Rc2 30. Qe4 Nc6 31. Rd5 Rc1+ 32. Kf2 Qf7 0-1

[Event "13sen.WMH 2003 Senioren"]
[Site "Bad Zwischenahn(17.11.-29.11.2003)"]
[Date "2003.11.29"]
[Round "7"]
[White "Weyand, Fernand"]
[Black "Pitro, Erwin"]
[Result "1/2-1/2"]
[WhiteElo "1705"]
[BlackElo "1947"]
[PlyCount "39"]


1. e4 g6 2. d4 Bg7 3. Nc3 d6 4. Bc4 Nf6 5. f3 O-O 6. Nge2 e5 7. Be3 Nc6 8. a3
exd4 9. Nxd4 Nxd4 10. Bxd4 Be6 11. Be2 Nh5 12. g3 Bxd4 13. Qxd4 Qf6 14. O-O-O
Qxd4 15. Rxd4 Ng7 16. Rhd1 f5 17. f4 fxe4 18. Rxe4 a6 19. Re1 Rfe8 20. Bf3
1/2-1/2

[Event "13sen.WMH 2003 Senioren"]
[Site "Bad Zwischenahn(17.11.-29.11.2003)"]
[Date "2003.11.29"]
[Round "7"]
[White "Wittmann, Georg"]
[Black "Luecke, Volkmar"]
[Result "1-0"]
[WhiteElo "1820"]
[BlackElo "1878"]
[PlyCount "76"]


1. c4 Nf6 2. Nc3 g6 3. d4 d5 4. cxd5 Nxd5 5. e4 Nxc3 6. bxc3 Bg7 7. Nf3 c5 8.
Bb5+ Nc6 9. O-O O-O 10. Bb2 Bg4 11. Bxc6 bxc6 12. dxc5 Qa5 13. h3 Rfd8 14. Qe2
Bxf3 15. Qxf3 Rd2 16. Bc1 Rxa2 17. Rxa2 Qxa2 18. Qd3 Qa5 19. Qd7 Qxc5 20. Be3
Qxc3 21. Rc1 Qe5 22. Rxc6 Qb8 23. Rc7 Be5 24. Rb7 Qd8 25. Qxd8+ Rxd8 26. g4 Bd4
27. Bxd4 Rxd4 28. Rxe7 a5 29. Ra7 Ra4 30. e5 Ra1+ 31. Kg2 a4 32. f4 a3 33. f5
h5 34. f6 hxg4 35. hxg4 g5 36. Ra8+ Kh7 37. e6 Kg6 38. e7 Re1 1-0

[Event "13sen.WMH 2003 Senioren"]
[Site "Bad Zwischenahn(17.11.-29.11.2003)"]
[Date "2003.11.29"]
[Round "7"]
[White "Wulf, Adalbert"]
[Black "Bosbach, Manfred"]
[Result "1-0"]
[WhiteElo "1800"]
[BlackElo "1766"]
[PlyCount "133"]


1. d4 Nf6 2. Nf3 e6 3. c4 d5 4. Nc3 c6 5. e3 Nbd7 6. Bd3 dxc4 7. Bxc4 Nd5 8.
O-O Bd6 9. e4 Nxc3 10. bxc3 Nb6 11. Bb3 O-O 12. Be3 Qc7 13. e5 Be7 14. Bg5 Bxg5
15. Nxg5 Qe7 16. Qh5 h6 17. Ne4 Nd5 18. f4 b6 19. Rf3 f5 20. exf6 Nxf6 21.
Nxf6+ Rxf6 22. f5 Qf7 23. Qxf7+ Kxf7 24. Re1 Ke7 25. Rfe3 Rxf5 26. Bxe6 Bxe6
27. Rxe6+ Kf7 28. Rxc6 Ra5 29. Re2 Rf8 30. c4 Kg8 31. d5 Ra3 32. Rd2 Rc3 33. h3
Rc1+ 34. Kh2 Rcf1 35. d6 Rd8 36. d7 Rff8 37. Rc7 Kf7 38. Rxa7 Ke7 39. Rb7 Rf6
40. Re2+ Kf7 41. Rb2 Rd6 42. R2xb6 Rxb6 43. Rxb6 Rxd7 44. Rb2 Rc7 45. Rc2 Ke6
46. c5 Rc6 47. Kg3 g6 48. Kf4 Kd5 49. Rd2+ Kc4 50. Rd6 g5+ 51. Kg4 Rxc5 52.
Rxh6 Ra5 53. a4 Rxa4 54. Kxg5 Kd5 55. Rf6 Ke5 56. Rf3 Ke6 57. g4 Ra8 58. Kh4
Ra4 59. Kg3 Rb4 60. h4 Ke5 61. h5 Rb1 62. Kh4 Ke4 63. Rf2 Ke5 64. Kg5 Rh1 65.
Re2+ Kd6 66. Kg6 Rh4 67. g5 1-0

[Event "13sen.WMH 2003 Senioren"]
[Site "Bad Zwischenahn(17.11.-29.11.2003)"]
[Date "2003.11.29"]
[Round "7"]
[White "Zeh, Helmut"]
[Black "Samarian, Cornel"]
[Result "1/2-1/2"]
[WhiteElo "1757"]
[BlackElo "1592"]
[PlyCount "78"]


1. d4 d5 2. Nc3 Bf5 3. f3 Nf6 4. Bg5 h6 5. Bh4 e6 6. e4 g5 7. exf5 gxh4 8. Qe2
Qe7 9. fxe6 Qxe6 10. Qxe6+ fxe6 11. O-O-O c6 12. Nge2 Bd6 13. g3 hxg3 14. hxg3
Nbd7 15. Bh3 Nf8 16. Rde1 Kf7 17. f4 h5 18. f5 e5 19. dxe5 Bxe5 20. Nf4 Bxf4+
21. gxf4 Rg8 22. Ne2 Re8 23. Nd4 Rxe1+ 24. Rxe1 Rg3 25. Rh1 Ne4 26. Ne6 Nf2 27.
Ng5+ Kf6 28. Rh2 Nxh3 29. Nxh3 Kxf5 30. Nf2 Kxf4 31. Rxh5 Rg7 32. Kd2 Nd7 33.
Nd3+ Kg4 34. Rh2 Kf5 35. Rf2+ Ke6 36. Re2+ Kd6 37. b4 Re7 38. Rh2 Ne5 39. Nxe5
Kxe5 1/2-1/2

[Event "13sen.WMH 2003 Senioren"]
[Site "Bad Zwischenahn(17.11.-29.11.2003)"]
[Date "2003.11.29"]
[Round "7"]
[White "Ziltener, Werner"]
[Black "Marquardt, Rolf"]
[Result "1/2-1/2"]
[WhiteElo "1967"]
[BlackElo "1774"]
[PlyCount "75"]


1. Nf3 d5 2. d4 Nf6 3. c4 c6 4. e3 Bf5 5. Nc3 e6 6. Nh4 Bg6 7. Nxg6 hxg6 8. Qb3
Qb6 9. c5 Qc7 10. Bd2 Nbd7 11. f4 g5 12. Be2 gxf4 13. exf4 g6 14. Qc2 Nh5 15.
Bxh5 Rxh5 16. g3 Bg7 17. Be3 Nf6 18. Qe2 O-O-O 19. b4 Ne4 20. Nxe4 dxe4 21.
O-O-O Rhd5 22. Qc2 f5 23. Qc4 b5 24. cxb6 Qxb6 25. Rd2 R8d7 26. Rhd1 Rb7 27.
Rc2 Kd7 28. Rdd2 Bf8 29. a3 a5 30. Rb2 axb4 31. Rb3 Qa7 32. Rc2 Qa4 33. Bd2 c5
34. dxc5 Rxc5 35. Qd4+ Rd5 36. Qc4 Rc5 37. Qd4+ Rd5 38. Qc4 1/2-1/2

[Event "13sen.WMH 2003 Senioren"]
[Site "Bad Zwischenahn(17.11.-29.11.2003)"]
[Date "2003.11.29"]
[Round "7"]
[White "Zotin, Vladimir"]
[Black "Lundgren, Bernt"]
[Result "1/2-1/2"]
[WhiteElo "1882"]
[BlackElo "2066"]
[PlyCount "99"]


1. b3 Nf6 2. Bb2 g6 3. e4 d6 4. f4 Bg7 5. Nf3 O-O 6. Nc3 Nxe4 7. d4 Nxc3 8.
Bxc3 c5 9. Qd2 cxd4 10. Bxd4 Nc6 11. Bxg7 Kxg7 12. Bb5 Qb6 13. Bxc6 Qxc6 14.
O-O Bf5 15. c4 Rfd8 16. Rfe1 Rd7 17. Rac1 Rad8 18. Qd4+ Kg8 19. Qxa7 b6 20. Qa3
Ra8 21. Nd4 Qxg2+ 22. Kxg2 Rxa3 23. Re2 Bg4 24. Rd2 Ra8 25. Re1 Kf8 26. a4 Rc8
27. Kg3 Bf5 28. Kh4 Rc5 29. Kg3 e5 30. Nb5 exf4+ 31. Kxf4 d5 32. Red1 Be6 33.
Nc3 dxc4 34. Rxd7 Bxd7 35. Rxd7 cxb3 36. Nd1 Rc2 37. Rd3 Rxh2 38. Rxb3 Rh4+ 39.
Ke5 Rxa4 40. Rxb6 Ra5+ 41. Kf4 Rf5+ 42. Kg4 h5+ 43. Kg3 Kg7 44. Ne3 Re5 45. Ng2
g5 46. Kf3 f6 47. Ne3 Kg6 48. Ra6 Rb5 49. Rc6 Rb4 50. Rxf6+ 1/2-1/2

[Event "13sen.WMH 2003 Senioren"]
[Site "Bad Zwischenahn(17.11.-29.11.2003)"]
[Date "2003.??.??"]
[Round "7.1"]
[White "Asmundsson, Ingvar"]
[Black "Shabanov, Yuri"]
[Result "1/2-1/2"]
[WhiteElo "2402"]
[BlackElo "2443"]
[PlyCount "149"]


1. e4 d6 2. d4 Nf6 3. Bd3 e5 4. c3 Nc6 5. Nf3 Be7 6. h3 O-O 7. O-O Re8 8. Re1
Nd7 9. Be3 Bf6 10. Nbd2 Ne7 11. Bc4 Ng6 12. Qb3 Qe7 13. a4 h6 14. a5 a6 15. Qa2
Rf8 16. Rad1 Nb8 17. b4 Nd7 18. Nf1 Nh4 19. Nxh4 Bxh4 20. Nd2 Bg5 21. Nf3 Bxe3
22. Rxe3 Nb8 23. dxe5 dxe5 24. Rd5 Nc6 25. Rc5 Bd7 26. Bd5 Rad8 27. Bxc6 Bxc6
28. Rxe5 Rd1+ 29. Kh2 Qd6 30. g3 Rf1 31. Qc2 Ra1 32. Qd3 Qg6 33. Nd4 Rd8 34.
Qe2 Ba4 35. Qb2 Rd1 36. Qa2 Bd7 37. Qe2 Ba4 38. Qa2 Bd7 39. Qc2 Ra1 40. Nf5
Bxf5 41. exf5 Qc6 42. Qe4 Qxe4 43. R5xe4 Rd2 44. Re8+ Kh7 45. Re2 Rxe2 46. Rxe2
Rc1 47. Re3 b6 48. Kg2 bxa5 49. bxa5 f6 50. g4 Ra1 51. Re6 Rxa5 52. Rc6 Ra1 53.
h4 a5 54. f4 a4 55. g5 hxg5 56. fxg5 fxg5 57. hxg5 a3 58. Rxc7 a2 59. Ra7 Rc1
60. Rxa2 Rxc3 61. Ra7 Rc5 62. Rf7 Ra5 63. Kf3 Kg8 64. g6 Ra3+ 65. Kf4 Ra4+ 66.
Kg5 Ra8 67. Rd7 Kf8 68. Kf4 Re8 69. Rc7 Re1 70. Rc5 Re8 71. Re5 Ra8 72. Re4 Ra1
73. Kg5 Rg1+ 74. Rg4 Ra1 75. Re4 1/2-1/2

[Event "13sen.WMH 2003 Senioren"]
[Site "Bad Zwischenahn(17.11.-29.11.2003)"]
[Date "2003.??.??"]
[Round "7.2"]
[White "Rahls, Peter"]
[Black "Karl, Hans[35SUI]"]
[Result "1-0"]
[WhiteElo "2331"]
[BlackElo "2280"]
[PlyCount "95"]


1. e4 e5 2. Nc3 Nf6 3. g3 d6 4. Bg2 g6 5. Nge2 Bg7 6. d4 O-O 7. O-O c6 8. h3 b5
9. Be3 Qc7 10. Qd2 Nbd7 11. Rad1 Nb6 12. b3 b4 13. Nb1 d5 14. exd5 Nfxd5 15.
Bh6 Ba6 16. Bxg7 Kxg7 17. Rfe1 Rad8 18. c4 bxc3 19. Nexc3 Rfe8 20. Ne4 f6 21.
Nc5 Bc8 22. a4 Nd7 23. Rc1 Nf8 24. f4 exf4 25. Rxe8 Rxe8 26. Bxd5 Re3 27. Bg2
Rxg3 28. Ne4 Rxb3 29. Nbc3 Ne6 30. Nxf6 Qb6 31. Ne8+ Kf8 32. Nd6 Bd7 33. Rf1 g5
34. Ne2 Rb2 35. Qd3 Rxe2 36. Rd1 Qb2 37. Bf3 Rh2 38. Qf5+ Ke7 39. Ne4 Kd8 40.
Qa5+ Ke7 41. Qe5 Kd8 42. Qa5+ Kc8 43. d5 Rxh3 44. Bg2 Qb3 45. Nf2 Nc7 46. dxc6
Rg3 47. cxd7+ Kd8 48. Qxc7+ 1-0

[Event "13sen.WMH 2003 Senioren"]
[Site "Bad Zwischenahn(17.11.-29.11.2003)"]
[Date "2003.??.??"]
[Round "7.3"]
[White "Chepukaitis, Genrikh"]
[Black "Bukal, Vladimir"]
[Result "1-0"]
[WhiteElo "2420"]
[BlackElo "2428"]
[PlyCount "57"]


1. d4 d5 2. Nf3 Nf6 3. e3 c5 4. dxc5 Qa5+ 5. Nbd2 Nc6 6. a3 e6 7. Rb1 Qxc5 8.
b4 Qb6 9. c4 Be7 10. Bb2 O-O 11. Be2 a6 12. O-O Rd8 13. Qb3 Bd7 14. Bxf6 Bxf6
15. cxd5 exd5 16. Qxd5 Be6 17. Qe4 Ne7 18. Rbc1 Nd5 19. Nc4 Qc7 20. Nd4 Bxd4
21. Qxd4 Rac8 22. Qb2 b5 23. Na5 Nc3 24. Bf3 Bd5 25. Bxd5 Ne2+ 26. Qxe2 Qxc1
27. Qf3 Qxa3 28. Nc6 Rd7 29. Ne5 1-0

[Event "13sen.WMH 2003 Senioren"]
[Site "Bad Zwischenahn(17.11.-29.11.2003)"]
[Date "2003.??.??"]
[Round "7.4"]
[White "Uhlmann, Wolfgang"]
[Black "Baumgartner, Heinz"]
[Result "1/2-1/2"]
[WhiteElo "2393"]
[BlackElo "2307"]
[PlyCount "110"]


1. c4 Nf6 2. Nc3 e6 3. Nf3 d5 4. d4 Be7 5. Bg5 h6 6. Bh4 O-O 7. Rc1 b6 8. cxd5
Nxd5 9. Nxd5 exd5 10. Bxe7 Qxe7 11. g3 c6 12. Bg2 Re8 13. Ne5 Bb7 14. e3 c5 15.
O-O Na6 16. Qh5 Red8 17. Rfd1 Rac8 18. b3 Nc7 19. dxc5 bxc5 20. Nd3 Ne6 21. Qe5
Kf8 22. h4 c4 23. Nf4 Nxf4 24. Qxf4 cxb3 25. axb3 Rb8 26. Rc3 Rd6 27. Qd4 Ba8
28. e4 Rdb6 29. exd5 Qd6 30. Rdc1 Bb7 31. Ra1 a6 32. Re1 Bc8 33. Qe4 Bd7 34.
Qh7 f5 35. Rce3 Qg6 36. Qxg6 Rxg6 37. Bf1 Rd6 38. Bc4 Rb4 39. Ra1 Bb5 40. Rf3
g6 41. Rf4 Kg7 42. h5 gxh5 43. Kg2 Kf6 44. Kf3 Be8 45. Ke3 Rb8 46. Kd4 Bb5 47.
Rh1 Be8 48. Rf3 Bf7 49. Kc5 Rxd5+ 50. Kc6 Re5 51. Bxf7 Kxf7 52. Rxh5 Kg6 53.
Rh4 Reb5 54. Rhf4 R5b6+ 55. Kc7 R8b7+ 1/2-1/2

[Event "13sen.WMH 2003 Senioren"]
[Site "Bad Zwischenahn(17.11.-29.11.2003)"]
[Date "2003.11.29"]
[Round "7.6"]
[White "Hermann, Manfred[42Oldenb]"]
[Black "Litvinov, Vladimir"]
[Result "1/2-1/2"]
[WhiteElo "2281"]
[BlackElo "2370"]
[PlyCount "36"]


1. e4 e5 2. Nf3 Nc6 3. d4 exd4 4. Nxd4 Nf6 5. Nc3 Bb4 6. Nxc6 bxc6 7. Bd3 d5 8.
exd5 cxd5 9. O-O O-O 10. Bg5 c6 11. Na4 h6 12. Bh4 Re8 13. c4 Be6 14. cxd5 Bxd5
15. Qc2 g5 16. Bg3 Ne4 17. a3 Ba5 18. b4 Bb6 1/2-1/2

[Event "13sen.WMH 2003 Senioren"]
[Site "Bad Zwischenahn(17.11.-29.11.2003)"]
[Date "2003.??.??"]
[Round "7.7"]
[White "Kristiansen, Erling"]
[Black "Klovans, Janis"]
[Result "0-1"]
[WhiteElo "2211"]
[BlackElo "2465"]
[PlyCount "68"]


1. d4 Nf6 2. Nf3 e6 3. g3 d5 4. Bg2 b5 5. a4 b4 6. Nbd2 c5 7. c4 bxc3 8. bxc3
Nbd7 9. O-O Be7 10. c4 Ba6 11. Ne5 Rc8 12. Bb2 cxd4 13. Nxd7 Qxd7 14. cxd5 Nxd5
15. Bxd4 O-O 16. Nf3 Rfd8 17. Qd2 Nb4 18. Qf4 Bxe2 19. Bxg7 Kxg7 20. Qe5+ Bf6
21. Qxe2 Bxa1 22. Rxa1 Nc2 23. Ne5 Qd4 24. Rb1 Rc5 25. Nc6 Qd2 26. Qg4+ Rg5 27.
Qe4 Rd6 28. Nxa7 Rd4 29. Qb7 Rb4 30. Rxb4 Nxb4 31. Be4 Nd3 32. Bxd3 Qxd3 33.
Nc6 Rc5 34. Ne7 Rc1+ 0-1

[Event "13sen.WMH 2003 Senioren"]
[Site "Bad Zwischenahn(17.11.-29.11.2003)"]
[Date "2003.11.29"]
[Round "7.8"]
[White "Rosen, Willy"]
[Black "Chernikov, Oleg"]
[Result "0-1"]
[WhiteElo "2222"]
[BlackElo "2443"]
[PlyCount "94"]


1. e4 c5 2. Nc3 Nc6 3. f4 g6 4. Bc4 Bg7 5. Nf3 e6 6. O-O Nge7 7. d3 O-O 8. Qe1
d5 9. Bb3 h6 10. Qh4 Nd4 11. Nxd4 cxd4 12. Ne2 a5 13. Ba4 Bd7 14. Bxd7 Qxd7 15.
e5 Nc6 16. c3 dxc3 17. bxc3 b5 18. d4 b4 19. Rf3 Qd8 20. Qf2 f5 21. Bd2 Rf7 22.
Qe1 Bf8 23. Qd1 Rb7 24. Nc1 Rab8 25. Rg3 Kh7 26. Qa4 Qd7 27. Rb1 Nxe5 28. Qxd7+
Nxd7 29. cxb4 Nf6 30. Rgb3 axb4 31. a3 Ne4 32. Bxb4 Bg7 33. Ne2 Nd2 34. R1b2
Nxb3 35. Rxb3 Bf8 36. Re3 Bxb4 37. axb4 Rb6 38. b5 Kg7 39. Nc3 Kf7 40. Kf2 g5
41. g3 R6b7 42. Ke2 Rc7 43. Kd2 Rc4 44. Rd3 Rb4 45. fxg5 hxg5 46. h4 gxh4 47.
gxh4 Rh8 0-1

[Event "13sen.WMH 2003 Senioren"]
[Site "Bad Zwischenahn(17.11.-29.11.2003)"]
[Date "2003.??.??"]
[Round "7.9"]
[White "Hecht, Hans-Joachim"]
[Black "Klein, Manfred[40Siegb]"]
[Result "1-0"]
[WhiteElo "2384"]
[BlackElo "2137"]
[PlyCount "71"]


1. d4 Nf6 2. c4 g6 3. Nc3 Bg7 4. e4 d6 5. Nf3 O-O 6. Be2 e5 7. O-O Nc6 8. d5
Ne7 9. Nd2 c5 10. Rb1 Ne8 11. b4 b6 12. a4 f5 13. a5 Nf6 14. Qa4 Bd7 15. Qa3
Bh6 16. Bd3 Bf4 17. bxc5 bxc5 18. a6 Ng4 19. Nf3 fxe4 20. Nxe4 Bxc1 21. Rfxc1
Nf5 22. Rb7 Nf6 23. Nxf6+ Rxf6 24. Ng5 h6 25. Ne6 Qe7 26. Bxf5 Rxf5 27. Rcb1
Qh4 28. Qg3 Qxg3 29. hxg3 Rf7 30. Rb8+ Rxb8 31. Rxb8+ Kh7 32. Rb7 Be8 33. Nc7
Ba4 34. Nb5 Kg8 35. Rxf7 Kxf7 36. Nxa7 1-0

[Event "13sen.WMH 2003 Senioren"]
[Site "Bad Zwischenahn(17.11.-29.11.2003)"]
[Date "2003.??.??"]
[Round "7.10"]
[White "Boehnisch, Manfred"]
[Black "Dornieden, Manfred,Prof.Dr."]
[Result "1-0"]
[WhiteElo "2350"]
[BlackElo "2202"]
[PlyCount "47"]


1. e4 c5 2. Nf3 e6 3. b3 a6 4. c4 Nc6 5. Bb2 d6 6. d4 cxd4 7. Nxd4 Nf6 8. Nxc6
bxc6 9. e5 Ne4 10. Bd3 Qa5+ 11. Kf1 Nc5 12. exd6 Bxd6 13. Bxg7 Nxd3 14. Qxd3
Be5 15. b4 Bxg7 16. bxa5 Bxa1 17. Qd6 Bd7 18. Nd2 O-O-O 19. Ke2 Be8 20. Qb4 Be5
21. Rb1 Rd7 22. Ne4 Rg8 23. Nf6 Rxg2 24. Nxd7 1-0

[Event "13sen.WMH 2003 Senioren"]
[Site "Bad Zwischenahn(17.11.-29.11.2003)"]
[Date "2003.??.??"]
[Round "7.11"]
[White "Arkhangelsky, Boris"]
[Black "Hohler, Peter"]
[Result "1/2-1/2"]
[WhiteElo "2269"]
[BlackElo "2168"]
[PlyCount "62"]


1. d4 Nf6 2. c4 e6 3. Nc3 Bb4 4. e3 O-O 5. Nge2 d5 6. a3 Be7 7. cxd5 exd5 8. g3
a5 9. Bg2 c6 10. O-O Na6 11. Bd2 Nc7 12. Qc2 Nce8 13. Rad1 Nd6 14. f3 Nfe8 15.
Bc1 f5 16. Nf4 Nf6 17. Kh1 Bd7 18. Na4 b6 19. Rfe1 Kh8 20. Nd3 Nc4 21. Nc3 Qc7
22. Nb1 a4 23. Bd2 Bd6 24. Nc3 b5 25. f4 Ne4 26. Nxe4 fxe4 27. Ne5 Be6 28. Bf1
Bxe5 29. dxe5 Rfd8 30. Bxc4 dxc4 31. Bc1 Rxd1 1/2-1/2